Сопряженные поля в упругих, пластических, сыпучих средах и металлических труднодеформируемых системах (Запись № 10945650)

Подробности
000 -МАРКЕР
контрольное поле 02606nam0a2200421 i 4500
001 - ИДЕНТИФИКАТОР ЗАПИСИ
контрольное поле RU\NLR\BIBL_A\011295236
005 - ИДЕНТИФИКАТОР ВЕРСИИ
контрольное поле 20260407150430.0
010 ## - МЕЖДУНАРОДНЫЙ СТАНДАРТНЫЙ НОМЕР КНИГИ (ISBN)
Номер (ISBN) 9785767934225
Тираж 500
021 ## - НОМЕР ГОСУДАРСТВЕННОЙ РЕГИСТРАЦИИ
Код страны Российская Федерация
Номер 2016-92450
Номер Листа государственной регистраци 6108
035 ## - ДРУГИЕ СИСТЕМНЫЕ НОМЕРА
Идентификатор записи (NLR Aleph) 011295236
100 ## - ДАННЫЕ ОБЩЕЙ ОБРАБОТКИ
Данные общей обработки 20161219d2016 k y0rusy50 ca
101 0# - ЯЗЫК РЕСУРСА
Язык текста, звукозаписи и т.д. русский
102 ## - СТРАНА ПУБЛИКАЦИИ ИЛИ ПРОИЗВОДСТВА
Страна публикации Российская Федерация
105 ## - ПОЛЕ КОДИРОВАННЫХ ДАННЫХ: ТЕКСТОВЫЕ МАТЕРИАЛЫ, МОНОГРАФИЧЕСКИЕ
Кодированные данные о монографическом текстовом документе a z 000zy
200 1# - ЗАГЛАВИЕ И СВЕДЕНИЯ ОБ ОТВЕТСТВЕННОСТИ
Основное заглавие Сопряженные поля в упругих, пластических, сыпучих средах и металлических труднодеформируемых системах
Сведения, относящиеся к заглавию [монография
Первые сведения об ответственности Э.С. Макаров, В.Э. Ульченкова, А.Е. Гвоздев и др.
Последующие сведения об ответственности под ред. проф. А.Е. Гвоздева]
-- М-во образования и науки Рос. Федерации, ФГБОУ ВПО "Тул. гос. пед. ун-т им. Л.Н. Толстого" [и др.]
210 ## - ПУБЛИКАЦИЯ, РАСПРОСТРАНЕНИЕ И ДР.
Место издания, распространения и т.д. Тула
Имя издателя, распространителя и т. д. Изд-во ТулГУ
Дата издания, распространения и т.д. 2016
215 ## - ФИЗИЧЕСКАЯ ХАРАКТЕРИСТИКА
Специфическое обозначение материала и объем 525 с.
Другие сведения о физической характеристике ил.
Размеры 20
300 ## - ОБЩИЕ ПРИМЕЧАНИЯ
Текст примечания Авт. указаны на обл.
300 ## - ОБЩИЕ ПРИМЕЧАНИЯ
Текст примечания В надзаг. также: Ин-т металлургии и материаловедения им. А.А. Байкова РАН, Акад. проблем качества Рос. Федерации
320 ## - ПРИМЕЧАНИЯ О НАЛИЧИИ В ДОКУМЕНТЕ БИБЛИОГРАФИИ / УКАЗАТЕЛЯ
Текст примечания Библиогр.: с. 487-520 (466 назв.)
606 1# - НАИМЕНОВАНИЕ ТЕМЫ КАК ПРЕДМЕТ
Наименование темы Быстрорежущие стали
Тематический подзаголовок Сверхпластичность
Системный номер авторитетной/нормативной записи 2407825
Идентификатор авторитетной/нормативной записи RU\NLR\AUTH\6601654137
606 1# - НАИМЕНОВАНИЕ ТЕМЫ КАК ПРЕДМЕТ
Наименование темы Твёрдые тела
Тематический подзаголовок Упругие свойства
-- Влияние агрессивных сред
Системный номер авторитетной/нормативной записи 2407831
Идентификатор авторитетной/нормативной записи RU\NLR\AUTH\6601654140
606 1# - НАИМЕНОВАНИЕ ТЕМЫ КАК ПРЕДМЕТ
Наименование темы Деформируемые тела
Тематический подзаголовок Упругость
Системный номер авторитетной/нормативной записи 2407829
Идентификатор авторитетной/нормативной записи RU\NLR\AUTH\6601654139
606 1# - НАИМЕНОВАНИЕ ТЕМЫ КАК ПРЕДМЕТ
Наименование темы Металлические порошки
Тематический подзаголовок Прессование
Системный номер авторитетной/нормативной записи 1312779
Идентификатор авторитетной/нормативной записи RU\NLR\AUTH\66228244
686 1# - ИНДЕКСЫ ДРУГИХ КЛАССИФИКАЦИЙ
Индекс К222.234.366.606.23
686 1# - ИНДЕКСЫ ДРУГИХ КЛАССИФИКАЦИЙ
Индекс В251.1
686 1# - ИНДЕКСЫ ДРУГИХ КЛАССИФИКАЦИЙ
Индекс К390.4
701 #1 - ИМЯ ЛИЦА - АЛЬТЕРНАТИВНАЯ ОТВЕТСТВЕННОСТЬ
Материалы, к которым относится поле rus
Графика поля Кириллица
Начальный элемент ввода Макаров
Часть имени, кроме начального элемента ввода Э. С.
Дополнения к именам, кроме дат д-р техн. наук
Расширение инициалов личного имени Эдуард Сергеевич
Идентификатор авторитетной/нормативной записи RU\NLR\AUTH\7737983
Системный номер авторитетной/нормативной записи 20970
701 #1 - ИМЯ ЛИЦА - АЛЬТЕРНАТИВНАЯ ОТВЕТСТВЕННОСТЬ
Начальный элемент ввода Ульченкова
Часть имени, кроме начального элемента ввода В. Э.
Расширение инициалов личного имени Вера Эдуардовна
701 #1 - ИМЯ ЛИЦА - АЛЬТЕРНАТИВНАЯ ОТВЕТСТВЕННОСТЬ
Начальный элемент ввода Гвоздев
Часть имени, кроме начального элемента ввода А. Е.
Расширение инициалов личного имени Александр Евгеньевич
702 #1 - ИМЯ ЛИЦА - ВТОРИЧНАЯ ОТВЕТСТВЕННОСТЬ
Начальный элемент ввода Гвоздев
Часть имени, кроме начального элемента ввода А. Е.
Расширение инициалов личного имени Александр Евгеньевич
Код отношения Редактор
712 02 - НАИМЕНОВАНИЕ ОРГАНИЗАЦИИ - ВТОРИЧНАЯ ОТВЕТСТВЕННОСТЬ
Код отношения Прочие
Начальный элемент ввода Тульский государственный педагогический университет им. Л. Н. Толстого
Идентификатор авторитетной/нормативной записи RU\NLR\AUTH\8810024887
Системный номер авторитетной/нормативной записи 548005
942 ## - ДОПОЛНИТЕЛЬНЫЕ ЭЛЕМЕНТЫ ЗАПИСИ (АБИС)
Тип экземпляра АБИС Книга
980 ## - КОЛЛЕКЦИЯ
Название коллекции НБР

Нет доступных экземпляров.